Censo nacional de vivienda 1974

Cifras definitivas referentes al Tercer Censo Nacional de Vivienda en Honduras, 1974. Contiene información estadística referente a número de viviendas particulares ocupadas y desocupadas, por departamento y área, según: tipo de vivienda, materiales de construcción, tenencia, número de cuartos, númer...

Descripció completa

Guardat en:
Dades bibliogràfiques
Autor corporatiu: Honduras. Ministerio de Economía. Dirección General de Estadística y Censos
Format: Text
Publicat: Tegucigalpa :
Matèries:
Etiquetes: Afegir etiqueta
Sense etiquetes, Sigues el primer a etiquetar aquest registre!

MARC

LEADER 00000 a a2200000 04500
001 20000
003
040
090 |a 081700  
110 |a Honduras. Ministerio de Economía. Dirección General de Estadística y Censos  
245 |a Censo nacional de vivienda 1974  
260 |a Tegucigalpa :  
300 |a 635 p.  
520 |a Cifras definitivas referentes al Tercer Censo Nacional de Vivienda en Honduras, 1974. Contiene información estadística referente a número de viviendas particulares ocupadas y desocupadas, por departamento y área, según: tipo de vivienda, materiales de construcción, tenencia, número de cuartos, número de personas, año de construcción, valor de alquiler, servicios de agua y luz y servicios sanitarios. jmml  
650 |a CENSOS  
650 |a VIVIENDA  
650 |a CUADROS ESTADISTICOS  
999 |c 12154  |d 12154